| 000 | 00643nam a2200181 a 4500 | ||
|---|---|---|---|
| 001 | 000044699 | ||
| 005 | 20201002045547.0 | ||
| 008 | 141218s2013 dr ac 000 0 spa d | ||
| 020 | _a9789945583281 | ||
| 040 |
_aDO-SdBNP _bspa _cBNPHU |
||
| 082 |
_axxxx _bxxxx |
||
| 100 | 1 |
_aPichardo, Manolo _924929 |
|
| 245 | 1 | 3 |
_aEl parlacen y los procesos de integración / _cManolo Pichardo ; prólogo Álvaro Colón Pichardo. |
| 260 |
_aSanto Domingo : _bSantuario, _c2013. |
||
| 300 |
_a120 p. : _bil., retrs. ; _c22 cm. |
||
| 500 | _aIncluye datos biográficos del autor en la solapa de la cubierta | ||
| 700 | 1 |
_aColón Pichardo, Álvaro _epról. _972693 |
|
| 999 |
_c44188 _d44188 |
||